000 00561nam a22001697a 4500
005 20251108171733.0
008 250721s1996 xx 000 0 ara d
082 1 4 _aط/709.56/جود
100 1 _aجودي، محمد حسين
245 1 0 _aإبتكارات العرب في الفنون :
_bأثرها في الفن الأوروبي في القرون الوسطى /
264 1 _aعمان :
_bدار المسيرة للنشر،
_c1996.
300 _a96ص
650 1 7 _aالفنون
650 1 7 _aالإبتكارات
942 _2ddc
_cBK
999 _c61240
_d61240